000 00348pam a2200157a 44500
008 230515b2007 xxu||||| |||| 00| 0 eng d
020 _aNULL
041 _aENGLISH
082 _aNULL
100 _aLEHRI M.S.
245 _aDESIGN IDEAS JUNE 1995.
250 _a1968
260 _aPUNE
_bLEA AND FEBIGER
_c2007
300 _a50
650 _aNULL
999 _c478463
_d478463